Ekonomika dopravy trh, marketing, logistika

Gespeichert in:
Bibliographische Detailangaben
Weitere Verfasser: Marek, Zdeněk
Format: Buch
Sprache:Tschechisch
Veröffentlicht: Praha BaBtext 1993
Ausgabe:1. vyd.
Schriftenreihe:Univerzitní edice U 05
Schlagworte:
Tags: Tag hinzufügen
Keine Tags, Fügen Sie das erste Tag hinzu!

MARC

LEADER 00000nam a2200000 4500
001 c004314
005 20221214082024.0
020 |a 80-901444-7-0 
041 0 |a cze 
044 |a CZ 
245 1 0 |a Ekonomika dopravy  |b trh, marketing, logistika  |c prekl. Zdeněk Marek 
250 |a 1. vyd. 
264 1 |a Praha  |b BaBtext  |c 1993 
300 |a 128 s. 
490 1 |a Univerzitní edice  |v U 05 
830 0 |a Univerzitní edice  |v U 05 
610 2 0 |a doprava 
610 2 0 |a dohody 
610 2 0 |a zmluvy medzinárodné 
610 2 0 |a logistika 
610 2 0 |a marketing 
610 2 0 |a doprava kombinovaná 
610 2 0 |a podnik dopravný 
610 2 0 |a trh dopravný 
700 1 |a Marek, Zdeněk